Statistiken für Kontra K - In meinen Schuhen (lyrics)

Klicken Sie hier um das Quiz zu spielen!

Allgemein

  • Dieses Quiz wurde 3 mal gespielt
  • Das Durchschnittsergebnis liegt bei 164 aus 387

Antwortstatistiken

Antwort% Korrekt
in
100%
meine
100%
meinen
100%
Schuhen
100%
du
67%
ein
67%
einen
67%
es
67%
Ich
67%
ich
67%
ihr,
67%
- ihr
67%
ihr
67%
mal
67%
Meter
67%
'ne
67%
nur
67%
Scheiß
67%
Sie
67%
sie
67%
ab
33%
Aber
33%
Action
33%
Adern
33%
Ahnung
33%
allem
33%
aller
33%
am
33%
an
33%
Anderer
33%
Auch
33%
auf
33%
ausatmet
33%
Ausnahmen
33%
Außer
33%
bei
33%
Bei
33%
besser
33%
bin
33%
Blick
33%
Blut
33%
Cent
33%
Da
33%
dann
33%
Dann
33%
darum
33%
das
33%
dass
33%
dem
33%
den
33%
denkt
33%
denkt,
33%
Denn
33%
die
33%
die,
33%
dir
33%
Doch
33%
drauf
33%
Dreck,
33%
Druck
33%
dünn
33%
durchdenken
33%
Eiern
33%
eigene
33%
eigenen
33%
Endes
33%
Entweder
33%
Erfolg
33%
ersten,
33%
erzählen
33%
fallen,
33%
Formen
33%
für
33%
Fußstapfen
33%
geht
33%
gemacht
33%
Gold
33%
gönnen
33%
größtem
33%
gut,
33%
guten
33%
hab'
33%
Haben
33%
haben
33%
Hand
33%
Handeln
33%
hart
33%
härtesten
33%
hast
33%
Heißt
33%
hinterlässt
33%
ihnen
33%
immer
33%
irgendwas
33%
ist
33%
ja
33%
Jahre
33%
jammer
33%
jedem
33%
Kacken
33%
keine
33%
kleinsten
33%
klügsten
33%
klummt
33%
knapp
33%
kommt
33%
labern
33%
Längst
33%
lauft
33%
Lauft
33%
lautesten
33%
Leben
33%
Legenden
33%
leicht
33%
leider
33%
letzten
33%
Luft
33%
Luft,
33%
machen
33%
macht
33%
Meinung
33%
Menschen
33%
merk
33%
mich
33%
mir
33%
Mit
33%
- mitleiderregend
33%
Mund
33%
'nem
33%
nicht
33%
Nicht
33%
nicht,
33%
nimm
33%
noch
33%
Ochsen
33%
oder
33%
Oder
33%
paar
33%
Problemen
33%
Pussy
33%
quatsch
33%
Rambo III
33%
Rat
33%
reden
33%
regeln
33%
Regen
33%
reinquatscht
33%
Sachen
33%
Sack
33%
Scheiße
33%
scheitern
33%
schon
33%
schreien,
33%
Schweigen
33%
seh'
33%
seid,
33%
selbstlosen
33%
sich
33%
Silber,
33%
sind
33%
Sind
33%
so
33%
soll
33%
Spuren
33%
Stolpern
33%
stolz
33%
Strich
33%
strömendem
33%
taubgehört
33%
Texten
33%
tritt
33%
Um
33%
Und
33%
und
33%
unter
33%
verpackt
33%
verschwenden
33%
Versuch
33%
voll
33%
Von
33%
von
33%
vor
33%
wackeln
33%
wahren
33%
war
33%
wart
33%
Was
33%
was
33%
weg
33%
weil
33%
weisen
33%
Welpen
33%
wenigsten
33%
Wenn
33%
wenn
33%
wer
33%
werden
33%
wie
33%
Wie
33%
wieder
33%
Wird
33%
wirklich
33%
Worte
33%
Zeit
33%
zitternen
33%
zu
33%
zuhör',
33%
zum
33%
zwei
33%

Verteilung der Resultate

Perzentil nach korrekt beantworteten Fragen

Anzahl Personen mit jedem Resultat

Ihre Resultats-Entwicklung

Sie haben dieses Quiz noch nicht gespielt